| 000 | 00784nam a2200205 u 4500 | ||
|---|---|---|---|
| 001 | 000002706 | ||
| 005 | 20200929150236.0 | ||
| 008 | 090703s1992 dr ab r 000 0 spa d | ||
| 040 |
_aDO-SdBNP _bspa _cBNPHU |
||
| 082 |
_a333.317293 _bS211d |
||
| 100 | 1 |
_aSánchez Roa, Adriano, _d1956- _98541 |
|
| 245 | 1 | 4 |
_aLos despojados de la tierra : _b30 años de reforma agraria / _cAdriano Sánchez Roa. |
| 260 |
_aSanto Domingo : _bIAD, _c1992. |
||
| 300 |
_a201 p. : _bil, map. ; _c24 cm. |
||
| 650 | 4 |
_aReforma agraria _zRepública Dominicana _96977 |
|
| 650 | 4 |
_aTenencia de la tierra _zRepública Dominicana _96976 |
|
| 650 | 4 |
_aTenencia de la tierra _xLegislación _98542 |
|
| 710 | 2 |
_aInstituto Agrario Dominicano (República Dominicana) _98543 |
|
| 910 | _aValidado. Control de calidad MMOLINA | ||
| 999 |
_c2542 _d2542 |
||